Ancient textiles from Nubia : Meroitic, X-group, and Christian fabrics from Ballana and Qustul : an exhibition organized by the Art Institute of Chicago /

محفوظ في:

مؤلفون مشاركون: Art Institute of Chicago., University of Chicago. Oriental Institute.

مؤلفون آخرون: Mayer-Thurman, Christa C., Williams, Bruce, 1943-, Seele, Keith C. 1898-1971.

التنسيق: كتاب

اللغة: English

منشور في: Chicago : Art Institute of Chicago, 1979.

الموضوعات:

الوسوم: إضافة وسم

لا توجد وسوم, كن أول من يضع وسما على هذه التسجيلة!

رقم الطلب: DT135 .N8 A65 1979

LEADER 01254namaa2200313 4500
001 10683
003 OSt
005 20250520094428.0
008 130303s1979 ilua b 000 0 eng d
010 |a 79052710 
020 |a 0918986257 
040 |c ARCE Library 
043 |a f-ua--- 
050 4 |a DT135 .N8 A65 1979 
245 0 0 |a Ancient textiles from Nubia :  |b Meroitic, X-group, and Christian fabrics from Ballana and Qustul : an exhibition organized by the Art Institute of Chicago /  |c Christa C. Mayer Thurman, Bruce Williams. 
264 1 |a Chicago :   |b Art Institute of Chicago,   |c 1979. 
300 |a 148 pages :  |b illustrations (some color) ;  |c 31 cm. 
500 |a "The University of Chicago Oriental Institute Nubian Expedition, Excavations between Abu Simbel and the Sudan frontier, Keith C. Seele, Director." 
504 |a Includes bibliographical references. 
650 0 |a Textile fabrics, Ancient  |z Nubia. 
651 0 |a Nubia   |x Antiquities. 
700 1 |a Mayer-Thurman, Christa C. 
700 1 |a Williams, Bruce,   |d 1943- 
700 1 |a Seele, Keith C.   |q (Keith Cedric),   |d 1898-1971. 
710 2 |a Art Institute of Chicago. 
710 2 |a University of Chicago.   |b Oriental Institute. 
901 |a reviewed 
942 |c BK  |2 lcc 
999 |c 14882  |d 14882